Responses for Show #2951 - Monday, June 2, 1997

Lyn Payne game 4.

Contestants

[<< previous game]

Pete Kearns, an attorney from Point Pleasant Beach, New Jersey

Jim Melberg, a lobbyist from Washington, D.C.

Lyn Payne, a librarian from Orlando, Florida (whose 3-day cash winnings total $39,802)

[next game >>]

Jeopardy! Round responses

PEOPLE IN HISTORY
COLORS
DANCE
THE SUPER BOWL
MUSEUMS
IN THE DICTIONARY
    $100 2
Christopher Columbus

Pete
    $100 30
Green

Lyn
    $100 17
Lines

Pete
    $100 4
Buffalo Bills

Pete
    $100 19
Smithsonian

Lyn
    $100 25
Books

Lyn
    $200 3
Benito Mussolini

Jim
    $200 26
Cranberry

Pete
    $200 16
Waltz

Pete
    $200 5
Green Bay Packers

Jim
    $200 21
Dijon

Pete
    $200 20
Chanteuse

Lyn
    $300 7
Johns Hopkins

Lyn
    $300 27
Pink

Pete
    $300 13
Tango

Lyn
    $300 6
Joe Montana

Lyn
    $300 22
Jesse James

Lyn
    $300 1
Varicose

Pete
    $600 8
World War I

Lyn
    $400 28
Camel

Lyn
    $400 14
Indonesia

Lyn
    $400 11
Miami

Lyn
    $400 23
J. Paul Getty

Pete
    $400 10
(L: What are ducks?)

Goose

LynJim
    $500 9
Norway

Lyn
    $500 29
(L: What is blanche?)

Ecru

Lyn
Triple Stumper
    $500 15
Flamenco

Lyn
    $500 18
John Madden

Jim
    $500 24
Museum of Natural History

Pete
    $500 12
(P: What is a johnny?)

Flapjack

Pete
Triple Stumper

Scores at the first commercial break (after clue 15):

Lyn Jim Pete
$2,900 $800 $0

Scores at the end of the Jeopardy! Round:

Lyn Jim Pete
$3,600 $1,300 $1,900

Double Jeopardy! Round responses

ANCIENT CIVILIZATIONS
FOOD
SCIENTISTS
BRIDGES
ACTORS & ACTRESSES
BOOKS & AUTHORS
    $200 26
Potter's wheel

Pete
    $200 25
Blondie

Lyn
    $200 24
Marie Curie

Pete
    $200 1
Seine

Lyn
    $200 13
(L: Who was Swayze?)

John Travolta

LynJim
    $200 6
Agatha Christie

Pete
    $400 22
Babylonian Captivity

Lyn
    $400 27
Pralines

Lyn
    $400 23
X-rays

Pete
    $400 7
London Bridge

Lyn
    $400 16
Brad Pitt

Lyn
    $400 5
"The Boys From Brazil"

Lyn
    $600 10
(J: What is Athens?)

Troy

LynJim
    $600 28
Lima bean

Pete
    $600 17
Linus Pauling

Pete
    $600 14
Turkey

Lyn
    $600 12
Emma Thompson

Pete
    $600 4
Malice

Lyn
    $800 9
The Peloponnesian War

Lyn
    $800 29
Kielbasa

Lyn
    $800 18
Dmitri Mendeleev

Lyn
    $500 20
the Verrazano-Narrows Bridge

Jim
    $800 8
Alec Baldwin

Lyn
    $800 2
Scott Turow

Lyn
    $1000 11
(P: What is Machu Picchu?)
(J: What is their empire?)
(L: What is Lima?)

Cuzco

LynJimPete
Triple Stumper
    $1000 30
(J: What is the taro root?)

Cassava/manioc

Jim
Triple Stumper
    $1000 19
Niels Bohr

Jim
    $1000 21
Bridge of Sighs

Lyn
    $1000 15
Jason Robards

Lyn
    $2,000 3
"The First Wives Club"

Lyn

Scores at the end of the Double Jeopardy! Round:

Lyn Jim Pete
$14,600 $400 $3,700
(lock game)

[wagering suggestions for these scores]

Final Jeopardy! Round responses

WORLD LEADERS
JimWho is Havel
$0
PeteWho is Vaclav Havel?
$1,000
LynWho is Havel?
$600
Vaclav Havel

Final scores:

Lyn Jim Pete
$15,200 $400 $4,700
4-day champion: $55,002 3rd place: Panasonic Palmcorder Camcorder 2nd place: Trip to Almond Beach Club, Barbados

Game dynamics:

Coryat scores:

Lyn Jim Pete
$13,400 $700 $3,700
32 R
(including 2 DDs),
4 W
7 R
(including 1 DD),
3 W
17 R,
2 W

Combined Coryat: $17,800

[game clues] [game scores] [suggest correction]

Game tape date: 1997-01-28
The J! Archive is created by fans, for fans. Scraping, republication, monetization, and malicious use prohibited; this site may use cookies and collect identifying information. See terms. The Jeopardy! game show and all elements thereof, including but not limited to copyright and trademark thereto, are the property of Jeopardy Productions, Inc. and are protected under law. This website is not affiliated with, sponsored by, or operated by Jeopardy Productions, Inc. Join the discussion at JBoard.tv.